Capitali del mondo con le prime 2 lettere in 3 minuti - Statistics

Statistiche generali
  • Questo quiz è stato fatto 2.787 volte
  • Il punteggio medio è 99 su 197
Statistiche sulle risposte
paese capitale % Corretto
Italia Roma
90%
Dominica Roseau
90%
Città del Vaticano Città del Vaticano
86%
Micronesia Palikir
86%
Panama Panama
86%
Suriname Paramaribo
86%
Francia Parigi
86%
Albania Tirana
86%
Libano Beirut
85%
Serbia Belgrado
85%
Belize Belmopan
85%
Germania Berlino
85%
Malta La Valletta
83%
Benin Porto-Novo o Cotonou
83%
Seychelles Victoria
82%
Austria Vienna
82%
Laos Vientiane
82%
Lituania Vilnius
82%
Sudafrica Città del Capo, Pretoria o Bloemfontein
81%
Grenada Saint George's
81%
Antigua e Barbuda Saint John's
81%
Yemen Sana'a
81%
Costa Rica San José
81%
San Marino San Marino
81%
El Salvador San Salvador
81%
Cile Santiago
81%
Repubblica Dominicana Santo Domingo
81%
Sao Tome e Principe São Tomé
81%
Bosnia ed Erzegovina Sarajevo
81%
Somalia Mogadiscio
79%
Monaco Monaco
79%
Liberia Monrovia
79%
Uruguay Montevideo
79%
Comoros Moroni
79%
Russia Mosca
79%
Brasile Brasília
78%
Slovacchia Bratislava
78%
Congo Brazzaville
78%
Barbados Bridgetown
78%
Belgio Bruxelles
78%
Andorra Andorra la Vella
76%
Turchia Ankara
76%
Madagascar Antananarivo
76%
Sri Lanka Colombo
76%
Spagna Madrid
76%
Isole Marshall Majuro
76%
Guinea Equatoriale Malabo
76%
Maldive Malé
76%
Nicaragua Managua
76%
Bahrain Manama
76%
Filippine Manila
76%
Mozambico Maputo
76%
Lesotho Maseru
76%
Bielorussia Minsk
74%
Bulgaria Sofia
73%
Guinea Conakry
72%
Danimarca Copenaghen
72%
Gabon Libreville
72%
Malawi Lilongwe
72%
Perù Lima
72%
Portogallo Lisbona
72%
Romania Bucarest
71%
Ungheria Budapest
71%
Argentina Buenos Aires
71%
Togo Lomé
71%
Regno Unito Londra
71%
Lettonia Riga
71%
Arabia Saudita Riyād
71%
Kiribati Sud Tarawa
71%
Liechtenstein Vaduz
71%
Polonia Varsavia
71%
Islanda Reykjavík
69%
Irlanda Dublino
66%
Tagikistan Dušanbe
66%
Taiwan Taipei
66%
Estonia Tallinn
66%
Uzbekistan Tashkent
66%
Angola Luanda
65%
Slovenia Lubiana
65%
Zambia Lusaka
65%
Lussemburgo Lussemburgo
65%
Cechia Praga
64%
Cabo Verde Praia
64%
Kosovo Pristina
64%
Grecia Atene
63%
Messico Città del Messico
62%
Croazia Zagabria
61%
Finlandia Helsinki
60%
Guatemala Città del Guatemala
57%
Bolivia La Paz o Sucre
56%
Montenegro Podgorica
56%
Haiti Port-au-Prince
56%
Mauritius Port Louis
56%
Papua Nuova Guinea Port Moresby
56%
Trinidad e Tobago Port of Spain
56%
Vanuatu Port Vila
56%
Giordania Amman
55%
Paesi Bassi Amsterdam
55%
Cuba L'Avana
54%
Norvegia Oslo
52%
Iraq Baghdad
48%
Azerbaijan Baku
48%
Mali Bamako
48%
Brunei Bandar Seri Begawan
48%
Thailandia Bangkok
48%
Repubblica Centrafricana Bangui
48%
Gambia Banjul
48%
Saint Kitts e Nevis Basseterre
48%
Egitto Il Cairo
45%
Ucraina Kiev
44%
Ruanda Kigali
44%
Giamaica Kingston
44%
Saint Vincent e Grenadine Kingstown
44%
Rep Dem Congo Kinshasa
44%
Australia Canberra
43%
Venezuela Caracas
43%
Santa Lucia Castries
43%
Palestina Ramallah o Gerusalemme Est
43%
Svezia Stoccolma
42%
Cina Pechino
41%
Moldavia Chișinău
38%
Kenya Nairobi
38%
Bahamas Nassau
38%
Birmania Naypyidaw
38%
Macedonia del Nord Skopje
38%
Giappone Tokyo
38%
Corea del Sud Seul
36%
Colombia Bogotà
33%
Bangladesh Dacca
32%
Senegal Dakar
32%
Siria Damasco
32%
Afghanistan Kabul
32%
Uganda Kampala
32%
Nepal Kathmandu
32%
Marocco Rabat
32%
Honduras Tegucigalpa
32%
Iran Teheran
32%
Stati Uniti Washington
31%
Niger Niamey
30%
Cipro Nicosia
30%
Palau Ngerulmud
28%
Kirghizistan Bishkek
26%
Guinea-Bissau Bissau
26%
Indonesia Giacarta
26%
Gibuti Gibuti
26%
Burundi Gitega
26%
Sud Sudan Giuba
26%
Singapore Singapore
26%
Guyana Georgetown
25%
Israele Gerusalemme
25%
Tonga Nukuʻalofa
25%
India Nuova Delhi
25%
Kazakistan Nur-Sultan
25%
Tunisia Tunisi
25%
Algeria Algeri
24%
Tanzania Dodoma
23%
Qatar Doha
23%
Canada Ottawa
22%
Figi Suva
22%
Turkmenistan Ashgabat
21%
Eritrea Asmara
21%
Paraguay Asunción
21%
Botswana Gaborone
21%
Mauritania Nouakchott
21%
Timor-Leste Dili
19%
Emirati Arabi Uniti Abu Dhabi
18%
Nigeria Abuja
18%
Armenia Erevan
18%
Vietnam Hanoi
17%
Zimbabwe Harare
17%
Ecuador Quito
17%
Corea del Nord Pyongyang
16%
Malesia Kuala Lumpur
15%
Kuwait Kuwait
15%
Bhutan Thimphu
14%
Isole Salomone Honiara
13%
Libia Tripoli
13%
Etiopia Addis Abeba
12%
Tuvalu Funafuti
12%
Cambogia Phnom Penh
12%
Ghana Accra
11%
Svizzera Berna
11%
Pakistan Islamabad
10%
Georgia Tbilisi
10%
Nuova Zelanda Wellington
10%
Samoa Apia
9%
Mongolia Ulan Bator
9%
Côte d'Ivoire Yamoussoukro
9%
Camerun Yaoundé
9%
Nauru Yaren
9%
Sierra Leone Freetown
8%
Burkina Faso Ouagadougou
7%
Namibia Windhoek
7%
Sudan Khartum
5%
Ciad N'Djamena
5%
Eswatini Mbabane
4%
Oman Mascate
2%
Nessun quiz corrispondente trovato
Distribuzione punteggi
Percentuale di utenti per punteggio
Percentile per numero di risposta
I tuoi punteggi nel tempo
Non hai fatto questo quiz